[Event "Michigan Amateur"]
[Site "Kalamazoo, MI"]
[Date "2002.10.19"]
[Round "1.7"]
[White "Semerciyan, Sebuh"]
[Black "Armstead, Curt"]
[Result "0-1"]
[WhiteElo "1273"]
[BlackElo "1866"]
[Annotator "Tim McGrew"]
[PlyCount "52"]
[EventDate "2002.10.19"]

{French: Advance} 1. e4 c5 2. Nf3 e6 3. c3 Nc6 4. a3 $6 (4. d4 {is called for
here, offering Black the alternative of transposing into the standard lines of
the Advance French with} d5 5. e5 Qb6 {and so forth.}) 4... d5 5. e5 Nge7 6. d4
c4 $1 (6... -- {When White has created the hole at b3, Black does well to lock
things up like this. He does not want to wait for} 7. dxc5 -- {followed by} 8.
b4 {when White might actually be able to hold the extra pawn.}) 7. Bg5 {It is
hard to judge this move. If White plans to exchange on e7, one can list
advantages (he is getting rid of his bad bishop) and disadvantages (he is
exchanging pieces, which must ease Black's modest cramp).} h6 8. Bh4 (8. Bxe7
Bxe7 {has at least the virtue of consistency, though Black seems fine.}) 8...
Qb6 9. Qd2 Na5 10. Qc2 Nf5 {So much for the idea of getting rid of his bad
bishop.} 11. Nbd2 Bd7 12. Be2 g5 13. Bg3 Be7 14. O-O h5 $1 {Played with
commendable energy. Though White's pawns point toward the king-side, his
pieces have gotten in front of his king-side pawns and now they provide a set
of targets for Black's advancing pawns.} 15. h3 Qd8 16. Ne1 Nxg3 17. fxg3 g4
18. hxg4 $2 {This opens lines better left shut.} (18. h4 {is not beautiful,
and it does leave White's knights looking quite clumsy, but at least it keeps
the cold wind from whistling through the cracks in the castle wall.}) 18... h4
19. Nef3 $2 {This second error renders the king-side indefensible.} (19. gxh4 {
is the relatively best choice. It does not close the lines around the White
king, but without a pawn at g3 White can at least breathe a little.}) 19...
hxg3 {Now the pawn is a bone in White's throat and Black's heavy pieces will
be a constant menace on the open file. In addition, there is a key square in
the heart of White's position over which he has no control.} 20. Rfd1 Bg5 $1 {
Black heads for it. Now the threat of ...Be3+ is terrifying.} 21. Kf1 (21. Nf1
{is necessary, though after} Nb3 22. Rab1 Ba4 {White is caught on both flanks.}
) 21... Rh1+ 22. Ng1 Be3 23. Ndf3 Nb3 24. Ra2 Bxg1 $1 25. Nxg1 Qg5 {A nice
pict ure of paralysis. The e3 square is once again the weak point, and the
knight on b3 actually participates in the mating attack by denying White the
use of d2 and c1.} 26. Bf3 Qe3 0-1

[Event "Michigan Amateur"]
[Site "Kalamazoo, MI"]
[Date "2002.10.19"]
[Round "1.12"]
[White "Semerciyan, Michael"]
[Black "Schooley, Benjamin"]
[Result "1/2-1/2"]
[WhiteElo "1814"]
[BlackElo "1157"]
[PlyCount "42"]
[EventDate "2002.10.19"]

1. Nf3 Nf6 2. g3 c5 3. Bg2 d5 4. d4 cxd4 5. Nxd4 e5 6. Nf3 Nc6 7. c3 Be7 8. O-O
O-O 9. b4 Be6 10. b5 e4 11. Ng5 Ne5 12. Nxe6 fxe6 13. Qb3 Qc7 14. Bh3 Nfg4 15.
Ba3 Bxa3 16. Nxa3 Qf7 17. Bxg4 Nxg4 18. f3 exf3 19. exf3 Ne3 20. Rf2 Ng4 21.
Rff1 Ne3 1/2-1/2

[Event "Michigan Amateur"]
[Site "Kalamazoo, MI"]
[Date "2002.10.19"]
[Round "2.17"]
[White "Schooley, Benjamin"]
[Black "Almasy, Roy"]
[Result "1-0"]
[WhiteElo "1157"]
[BlackElo "1333"]
[PlyCount "141"]
[EventDate "2002.10.19"]

1. e4 e5 2. Nf3 Nc6 3. d4 exd4 4. Nxd4 Nxd4 5. Qxd4 Nf6 6. Bc4 Bd6 7. O-O Qe7
8. Re1 Be5 9. Qd1 O-O 10. f4 Bxf4 11. Bxf4 Qc5+ 12. Kh1 Qxc4 13. Nd2 Qc6 14. e5
Nd5 15. Bg3 b6 16. Nf3 Ne7 17. Qd3 Bb7 18. c4 a5 19. Re2 Ba6 20. Rc1 b5 21. Nd4
Qc5 22. Nb3 bxc4 23. Nxc5 cxd3 24. Rd2 Bb5 25. a4 Bc6 26. Rxd3 Rab8 27. b3 Nf5
28. Be1 d6 29. Na6 Be4 30. Rdc3 Rbc8 31. exd6 Nxd6 32. Rxc7 Rxc7 33. Rxc7 Re8
34. Rc1 Bc2 35. Bg3 Bd3 36. Nc7 Rd8 37. Rd1 Ne4 38. Be1 Nc5 39. Bxa5 Nxb3 40.
Bb6 Rd6 41. a5 h6 42. Kg1 Kf8 43. a6 Rxb6 44. Rxd3 Rc6 45. a7 Rc1+ 46. Kf2 Rc2+
47. Kg3 Ra2 48. a8=Q+ Rxa8 49. Nxa8 Nc5 50. Re3 g5 51. Nb6 f5 52. Re5 Ne4+ 53.
Rxe4 fxe4 54. Kf2 Kf7 55. Ke3 Kf6 56. Kxe4 g4 57. Kf4 h5 58. g3 Kg6 59. Nd5 h4
60. Kxg4 hxg3 61. hxg3 Kh6 62. Kf5 Kg7 63. g4 Kf7 64. g5 Kg7 65. g6 Kf8 66. Kf6
Kg8 67. g7 Kh7 68. Kf7 Kh6 69. g8=Q Kh5 70. Nf6+ Kh6 71. Qg6# 1-0

[Event "Michigan Amateur"]
[Site "Kalamazoo, MI"]
[Date "2002.10.19"]
[Round "3.9"]
[White "Ronco, James"]
[Black "Post, Robert"]
[Result "1/2-1/2"]
[WhiteElo "1685"]
[BlackElo "1516"]
[PlyCount "73"]
[EventDate "2002.10.19"]

1. e4 e6 2. d4 d5 3. Nc3 Bb4 4. e5 c5 5. a3 Ba5 6. Qg4 Ne7 7. Bd2 cxd4 8. Qxd4
Nbc6 9. Qg4 Ng6 10. f4 Qb6 11. O-O-O Bd7 12. h4 O-O-O 13. h5 Nge7 14. Nh3 h6
15. Bd3 Rdg8 16. Qe2 Nd4 17. Qf2 Nec6 18. g4 f5 19. gxf5 Nxf5 20. Bxf5 exf5 21.
Nxd5 Qxf2 22. Nxf2 Bxd2+ 23. Rxd2 Be6 24. c4 Rd8 25. b4 Rhe8 26. Nd1 Rd7 27.
N1e3 Red8 28. Kc2 Kb8 29. Kc3 b5 30. Rhd1 bxc4 31. Kxc4 Ne7 32. Kc5 Rc8+ 33.
Kb5 a6+ 34. Kxa6 Ra7+ 35. Kb6 Rb7+ 36. Ka6 Ra7+ 37. Kb6 1/2-1/2

[Event "Michigan Amateur"]
[Site "Kalamazoo, MI"]
[Date "2002.10.19"]
[Round "1.14"]
[White "Ronco, James"]
[Black "Pillai, Ashwin"]
[Result "1-0"]
[WhiteElo "1685"]
[BlackElo "902"]
[PlyCount "67"]
[EventDate "2002.10.19"]

1. e4 e5 2. Nc3 Nc6 3. Bc4 Qe7 4. Nd5 Qd8 5. Qf3 d6 6. Nb6 Be6 7. Bxe6 fxe6 8.
Nxa8 Qxa8 9. Ne2 Nb4 10. Qb3 d5 11. a3 Nc6 12. exd5 Nce7 13. dxe6 a5 14. Qb5+
Kd8 15. Qxe5 b6 16. O-O Ng6 17. Qd4+ Kc8 18. Qd7+ Kb8 19. Qd8+ Kb7 20. Qxa8+
Kxa8 21. f4 Bc5+ 22. d4 Bd6 23. c4 Nh4 24. b4 axb4 25. axb4+ Kb8 26. c5 bxc5
27. bxc5 Be7 28. Ba3 Bf6 29. Rfb1+ Kc8 30. Bc1 Kd8 31. Ra8+ Ke7 32. d5 Nf5 33.
Ba3 c6 34. Rb7# 1-0

[Event "Michigan Amateur"]
[Site "Kalamazoo, MI"]
[Date "2002.10.19"]
[Round "1.22"]
[White "Raban, David"]
[Black "Jewell, Kenneth"]
[Result "1-0"]
[WhiteElo "1608"]
[BlackElo "1855"]
[PlyCount "85"]
[EventDate "2002.10.19"]

1. d4 d5 2. c4 e6 3. Nc3 Nf6 4. Bg5 Be7 5. Nf3 O-O 6. e3 h6 7. Bxf6 Bxf6 8. Qd2
Nd7 9. O-O-O Nb6 10. cxd5 Nxd5 11. Bd3 c6 12. Ne5 Qc7 13. f4 c5 14. Kb1 a6 15.
Ne4 Be7 16. g4 b5 17. h4 Bb7 18. g5 Nb4 19. gxh6 c4 20. hxg7 Rfc8 21. Bc2 Nxc2
22. Qxc2 f5 23. Ng3 Bxh1 24. Rxh1 b4 25. Qe2 Bf6 26. Rg1 Bxe5 27. fxe5 c3 28.
Qh5 cxb2 29. Qh8+ Kf7 30. g8=Q+ Rxg8 31. Qf6+ Ke8 32. Qxe6+ Kf8 33. Qxf5+ Qf7
34. Qc2 Qd5 35. Rf1+ Ke8 36. Nh5 Qg2 37. Rf2 Qh1+ 38. Kxb2 Rg1 39. Qa4+ Kd8 40.
Rf8+ Kc7 41. Rf7+ Kb6 42. Qxb4+ Kc6 43. Qb7# 1-0

[Event "Michigan Amateur"]
[Site "Kalamazoo, MI"]
[Date "2002.10.19"]
[Round "3.6"]
[White "Raban, David"]
[Black "Brumley, Ron"]
[Result "0-1"]
[WhiteElo "1608"]
[BlackElo "1973"]
[Annotator "Jeff Aldrich"]
[PlyCount "42"]
[EventDate "2002.10.19"]

{King's Indian: Classical} 1. d4 Nf6 2. c4 g6 3. Nc3 Bg7 4. e4 d6 5. Nf3 O-O 6.
Be2 c5 7. d5 e6 8. O-O Re8 9. Qc2 {Not the proper queen placement in this
opening. After the bishop develops, the queen belongs on d2 to support the
dark square bishop.} ({The book line is} 9. Nd2 Na6 10. dxe6 Bxe6 11. Nb3 Qb6
12. Bf4 Rad8 13. Qd2 Nb4 14. Bg5 $14) 9... Na6 10. Nd2 Nc7 11. a4 $6 Na6 {
Black did not play Nb4 before, because it would just get kicked out. No danger
of that now.} 12. f4 exd5 13. cxd5 Nb4 14. Qd1 b6 15. Bc4 Ng4 16. Qb3 $2 (16.
Nb3 {to cover the weak d4 square.}) 16... Bd4+ {A common theme in the King's
Indian for Black.} 17. Kh1 {DIAGRAM} Nxh2 $1 ({Not} 17... Nf2+ 18. Rxf2 Bxf2 {
. Black wins the exchange, but with the text he gets so much more.}) 18. Nf3
Nxf3 19. Rxf3 Qh4+ 20. Rh3 Qe1+ 21. Kh2 Bg1+ 0-1

[Event "Michigan Amateur"]
[Site "Kalamazoo, MI"]
[Date "2002.10.19"]
[Round "2.6"]
[White "Post, Robert"]
[Black "LaForge, Tom"]
[Result "1/2-1/2"]
[WhiteElo "1516"]
[BlackElo "1916"]
[PlyCount "72"]
[EventDate "2002.10.19"]

1. d4 d5 2. Nf3 Nf6 3. Bg5 Ne4 4. Bf4 c5 5. e3 Nc6 6. Be2 e6 7. O-O Be7 8. Nbd2
O-O 9. c3 b6 10. Qc2 f5 11. Ne5 Nxe5 12. Bxe5 Bb7 13. Rad1 Qc8 14. f3 Ng5 15.
Bf4 Nf7 16. e4 cxd4 17. exf5 dxc3 18. bxc3 exf5 19. Nb3 Bf6 20. Nd4 g5 21. Be3
f4 22. Bf2 Ba6 23. Bxa6 Qxa6 24. Ne6 Rfc8 25. Qf5 Bxc3 26. Nxg5 Nxg5 27. Qxg5+
Kh8 28. Qxd5 Qc4 29. Qxc4 Rxc4 30. Rd7 Be5 31. Re1 Rc7 32. Rxc7 Bxc7 33. Bd4+
Kg8 34. Re7 Rd8 35. Rxc7 Rxd4 36. Rxa7 Rb4 1/2-1/2

[Event "Michigan Amateur"]
[Site "Kalamazoo, MI"]
[Date "2002.10.19"]
[Round "2.13"]
[White "Neely, Richard"]
[Black "Ronco, James"]
[Result "1/2-1/2"]
[WhiteElo "1400"]
[BlackElo "1685"]
[PlyCount "53"]
[EventDate "2002.10.19"]

1. d4 d5 2. e4 dxe4 3. Nc3 Nf6 4. f3 exf3 5. Qxf3 Qxd4 6. Be3 Qe5 7. O-O-O c6
8. h3 h5 9. Bf4 Qa5 10. Nge2 Bg4 11. Qd3 Bf5 12. Qg3 Na6 13. Nd4 h4 14. Qh2 Bd7
15. Nb3 Qb6 16. Bxa6 bxa6 17. Bc7 Qe3+ 18. Rd2 Nh5 19. Rhd1 Ng3 20. Kb1 f6 21.
Rxd7 e5 22. Rd8+ Rxd8 23. Rxd8+ Kf7 24. Rd3 Qe1+ 25. Rd1 Qe3 26. Rd3 Qe1+ 27.
Rd1 1/2-1/2

[Event "Michigan Amateur"]
[Site "Kalamazoo, MI"]
[Date "2002.10.19"]
[Round "3.10"]
[White "Moroney, Timothy"]
[Black "Schooley, Benjamin"]
[Result "1-0"]
[WhiteElo "1639"]
[BlackElo "1157"]
[PlyCount "118"]
[EventDate "2002.10.19"]

1. e4 e6 2. d3 c5 3. Nf3 Nc6 4. g3 g6 5. Bg2 Bg7 6. O-O d6 7. Nbd2 Nge7 8. Re1
O-O 9. Nf1 Rb8 10. c3 b5 11. d4 b4 12. Bg5 bxc3 13. bxc3 Qa5 14. Qd2 cxd4 15.
cxd4 Qxd2 16. N1xd2 h6 17. Bf4 e5 18. dxe5 dxe5 19. Be3 Nd4 20. Nxd4 exd4 21.
Bf4 Rb7 22. Bd6 Rd7 23. e5 Rfd8 24. Nb3 Nf5 25. Nc5 Rxd6 26. exd6 Nxd6 27. Re7
a6 28. Bf1 Nb5 29. Rd1 Bf8 30. Re5 Bd6 31. Rd5 Nc3 32. R1xd4 Nxd5 33. Rxd5 a5
34. Ne4 Bc7 35. Rc5 Bb6 36. Rc6 Bd4 37. Bc4 Bb7 38. Rxg6+ Kh7 39. Rd6 Rxd6 40.
Nxd6 Bc6 41. Nxf7 Bf3 42. Kf1 Kg7 43. Nd6 Bc3 44. Nf5+ Kh7 45. Bd3 Kh8 46. Nxh6
Bd5 47. Bb1 Be6 48. Nf5 Kg8 49. h4 Kf7 50. Ne3 Ke8 51. g4 Kd8 52. g5 Kc7 53. h5
Kd6 54. h6 Ke5 55. a4 Kf4 56. g6 Kg5 57. h7 Bb3 58. Ke2 Bxa4 59. Nd5 Be8 1-0

[Event "Michigan Amateur"]
[Site "Kalamazoo, MI"]
[Date "2002.10.19"]
[Round "2.4"]
[White "Moore, Robert"]
[Black "Evans Sr., Thomas"]
[Result "1-0"]
[WhiteElo "1609"]
[BlackElo "1924"]
[Annotator "Jeff Aldrich"]
[PlyCount "87"]
[EventDate "2002.10.19"]

{Irregular King's Pawn: Owen} 1. e4 b6 2. d4 Bb7 3. Nc3 e6 4. Be3 Bb4 5. f3
Qh4+ 6. Bf2 Qg5 7. a3 Bxc3+ 8. bxc3 {Can't complain about White's strong pawn
center.} Ne7 9. Qd2 Qxd2+ 10. Kxd2 {With the queens off the board, the king is
safe in the center and may actually become an important attacking piece later
in the game.} O-O 11. Bd3 d6 12. Ne2 Nd7 13. Bg3 Rac8 14. a4 e5 (14... a5 {
puts a stop to any serious counter-play down the a-file.}) 15. a5 c5 16. axb6
c4 $2 {A disappointing case of swinging second. It is very important to
calculate this type of combination all the way through.} 17. Rxa7 cxd3 18. Rxb7
dxe2 19. Rxd7 Ng6 20. Rxd6 {So, at the end of the combination rainbow, we see
that Black has managed to give up three pawns without taking any. In addition,
the advanced Black pawn will eventually drop, while the advanced White pawn is
a monster.} f5 21. exf5 Rxf5 22. b7 Rb8 23. Rb1 exd4 24. cxd4 Rff8 25. Kxe2
Nf4+ 26. Bxf4 Rxf4 27. Rc6 Rff8 28. Rb5 g6 29. Rc7 Rf7 30. Rc8+ Rf8 31. Rxb8
Rxb8 32. c4 Kf7 33. d5 Ke7 34. c5 Kd7 35. c6+ Kc7 36. Kd3 Kd6 37. Kd4 g5 38.
Ra5 Rf8 39. g3 Kc7 40. Ra8 Rb8 41. Rxb8 Kxb8 42. d6 h5 43. Kc5 h4 44. Kb6 1-0

[Event "Michigan Amateur"]
[Site "Kalamazoo, MI"]
[Date "2002.10.19"]
[Round "1.6"]
[White "LaForge, Tom"]
[Black "Kilburn, Gregory"]
[Result "1-0"]
[WhiteElo "1916"]
[BlackElo "1223"]
[PlyCount "85"]
[EventDate "2002.10.19"]

1. e4 c6 2. d4 d5 3. Nc3 e6 4. e5 Ne7 5. Nf3 Nd7 6. Be3 Nf5 7. Bd3 Nxe3 8. fxe3
Nb6 9. O-O f5 10. exf6 gxf6 11. Nh4 Qe7 12. Qh5+ Kd7 13. Ng6 hxg6 14. Qxh8 Qg7
15. Qxg7+ Bxg7 16. Bxg6 Kd6 17. Rf3 f5 18. Rh3 Nc4 19. g3 Nxe3 20. Ne2 Nxc2 21.
Rd1 Nb4 22. a3 Na6 23. Rh7 Bf8 24. h4 Bd7 25. h5 Be7 26. Nf4 Rf8 27. Nd3 b6 28.
Ne5 Be8 29. Rc1 c5 30. Bxe8 Rxe8 31. Nf7+ Kd7 32. dxc5 Bxc5+ 33. Kf1 Be7 34. b4
Nc7 35. Ne5+ Kd6 36. Ng6 Bd8 37. a4 a6 38. Nh8 Be7 39. h6 e5 40. Nf7+ Kd7 41.
Nxe5+ Kd8 42. Nc6+ Kd7 43. Rxe7+ 1-0

[Event "Michigan Amateur"]
[Site "Kalamazoo, MI"]
[Date "2002.10.19"]
[Round "3.8"]
[White "LaForge, Tom"]
[Black "Aldrich, Justin"]
[Result "1-0"]
[WhiteElo "1916"]
[BlackElo "1631"]
[PlyCount "111"]
[EventDate "2002.10.19"]

1. e4 e5 2. Nf3 Nc6 3. Bb5 d6 4. d4 Bd7 5. O-O Nxd4 6. Nxd4 Bxb5 7. Nxb5 Nf6 8.
Bg5 Be7 9. N5c3 O-O 10. Bxf6 Bxf6 11. Nd5 c6 12. Nxf6+ Qxf6 13. Nc3 Qg6 14. f4
exf4 15. Rxf4 Rad8 16. Qg4 Qxg4 17. Rxg4 Rfe8 18. Rd1 Re6 19. Rg3 Rde8 20. Rgd3
Rd8 21. b4 g6 22. b5 a6 23. bxc6 bxc6 24. Rb1 Rc8 25. Rb6 d5 26. exd5 Re1+ 27.
Kf2 Rc1 28. Rxc6 Rxc2+ 29. Kf3 Rb8 30. d6 Rbb2 31. d7 Rf2+ 32. Ke3 Rxg2 33.
d8=Q+ Kg7 34. Rd2 Rxh2 35. Qd4+ Kf8 36. Qd6+ Kg7 37. Qxh2 Rxd2 38. Kxd2 h5 39.
Rxa6 Kh6 40. a4 Kg7 41. a5 f5 42. Qe5+ Kh6 43. Qf4+ Kg7 44. Re6 Kf7 45. Qxf5+
gxf5 46. Rh6 f4 47. a6 f3 48. a7 f2 49. Ke2 h4 50. Kxf2 h3 51. a8=Q h2 52. Rh7+
Kg6 53. Qg8+ Kf6 54. Ne4+ Ke5 55. Ke3 Kf5 56. Rh5# 1-0

[Event "Michigan Amateur"]
[Site "Kalamazoo, MI"]
[Date "2002.10.19"]
[Round "3.2"]
[White "Kahn, Aaron"]
[Black "Blaine, Roger"]
[Result "1-0"]
[WhiteElo "1858"]
[BlackElo "1710"]
[PlyCount "61"]
[EventDate "2002.10.19"]

1. c4 f5 2. g3 Nf6 3. Bg2 c6 4. Nc3 e5 5. d4 e4 6. d5 d6 7. Nh3 Na6 8. O-O Be7
9. f3 exf3 10. exf3 O-O 11. Re1 Nc7 12. f4 Re8 13. dxc6 b6 14. Nd5 Ba6 15. Nxc7
Qxc7 16. Qa4 Bc8 17. Nf2 a5 18. b4 Bf8 19. Rxe8 Nxe8 20. Bd2 Be6 21. b5 Nf6 22.
Re1 Bf7 23. Bc3 Ne8 24. Bd5 Rd8 25. Qc2 g6 26. a4 Qc8 27. Qd3 Bg7 28. Re7 Bxd5
29. Qxd5+ Kh8 30. Qf7 Qa8 31. Qf8# 1-0

[Event "Michigan Amateur"]
[Site "Kalamazoo, MI"]
[Date "2002.10.19"]
[Round "2.27"]
[White "Jewell, Kenneth"]
[Black "Spindleman, Brian"]
[Result "1-0"]
[WhiteElo "1855"]
[BlackElo "960"]
[PlyCount "56"]
[EventDate "2002.10.19"]

1. d4 Nf6 2. c4 e6 3. Nc3 Bb4 4. Bg5 O-O 5. e4 h6 6. h4 Be7 7. Bxf6 Bxf6 8. Nf3
b6 9. Bd3 Bb7 10. e5 Be7 11. a3 d6 12. Qe2 dxe5 13. dxe5 Nd7 14. O-O-O c5 15.
g4 Bxf3 16. Qxf3 Bxh4 17. Qe4 f5 18. gxf5 Rxf5 19. Rxh4 Qg5+ 20. Kb1 Raf8 21.
Rg4 Qh5 22. Qg2 Rg5 23. Rxg5 Qxg5 24. Qxg5 hxg5 25. Bh7+ Kxh7 26. Rxd7 Rxf2 27.
Re7 g4 28. Ne4 Re2 1-0

[Event "Michigan Amateur"]
[Site "Kalamazoo, MI"]
[Date "2002.10.19"]
[Round "2.11"]
[White "Jendras, Gerard"]
[Black "DeMott, Kevin"]
[Result "1-0"]
[WhiteElo "1834"]
[BlackElo "1405"]
[Annotator "Gerard Jendras"]
[PlyCount "107"]
[EventDate "2002.10.19"]

1. e4 c5 2. Nc3 Nc6 3. g3 g6 4. Bg2 Bg7 5. d3 d6 6. Be3 e6 7. Qd2 Nd4 8. Nd1
Rb8 9. c3 Nc6 10. Ne2 Bd7 11. O-O b5 12. f4 Nge7 13. Nf2 O-O 14. d4 cxd4 15.
cxd4 Qa5 16. Qxa5 Nxa5 17. b3 d5 18. e5 Nf5 19. Bd2 Nc6 20. Rfd1 (20. Rfd1 {
Preparing to respond to} Ncxd4 21. Nxd4 Nxd4 22. Bb4) 20... Rfc8 21. Bc3 Bf8
22. Nd3 b4 23. Bb2 Nce7 24. Nc5 Bb5 25. Kf2 Nh6 26. Bh3 Nef5 27. Rac1 Bxc5 28.
dxc5 Rc7 29. g4 Ne7 30. Nd4 Bd7 31. Rc2 Nc6 32. Kg3 Nxd4 33. Bxd4 Kf8 34. Be3
Ng8 35. f5 Ne7 36. fxe6 Bxe6 37. Bg2 Rd8 38. Bh6+ Ke8 39. Bg5 Rdd7 40. Bf1 Kf8
41. c6 (41. c6 {The pawn can't be taken:} Rxc6 42. Bxe7+) (41. c6 {or} Nxc6 42.
Rdc1) 41... Rd8 42. Rd4 Rb8 43. Rd1 {Realizing that 42.Rd4 wasn't part of a
good plan, and that the c-pawn needed protection.} Rb6 44. Rdc1 Kg8 ({The c
pawn still can't be safely taken} 44... Nxc6 45. Be3 {But the king shouldn't
be fleeing--he might be needed to make a "saving tackle".}) 45. Bxe7 Rxe7 46.
c7 Bc8 47. Rc6 Re6 (47... Rxe5 {would have left White struggling to make
something out of nothing while short of time.}) 48. Rxb6 Rxb6 49. g5 (49. Rc5 {
(aiming to reach d8) is a much more direct route to victory.}) 49... Kf8 ({
Black's best practical chance was} 49... Re6 {White would still be winning,
but would have had only a few minutes left to prove it.}) 50. Bh3 f5 51. exf6
Bb7 52. c8=Q+ Bxc8 53. Rxc8+ Kf7 54. Rc7+ 1-0

[Event "Michigan Amateur"]
[Site "Kalamazoo, MI"]
[Date "2002.10.19"]
[Round "3.14"]
[White "Holden, Anthony"]
[Black "Pillai, Ashwin"]
[Result "1-0"]
[WhiteElo "1483"]
[BlackElo "902"]
[PlyCount "63"]
[EventDate "2002.10.19"]

1. d4 d5 2. e3 Nf6 3. Bd3 e6 4. Nd2 Nc6 5. f4 Bb4 6. c3 Ba5 7. Ngf3 O-O 8. g4
Nxg4 9. Bxh7+ Kxh7 10. Ng5+ Kg8 11. Qxg4 e5 12. Qh5 Bf5 13. h4 Bg6 14. Qe2 exf4
15. e4 Re8 16. e5 f6 17. Ngf3 Bh5 18. Qg2 Qc8 19. Rg1 Re7 20. Kf2 Bxf3 21. Nxf3
Qf8 22. h5 fxe5 23. h6 exd4 24. Ng5 dxc3 25. Qxd5+ Kh8 26. hxg7+ Qxg7 27. Rh1+
Qh7 28. Rxh7+ Rxh7 29. Nxh7 cxb2 30. Bxb2+ Kxh7 31. Rh1+ Kg6 32. Qh5# 1-0

[Event "Michigan Amateur"]
[Site "Kalamazoo, MI"]
[Date "2002.10.19"]
[Round "2.8"]
[White "Hodge, Larry"]
[Black "Kahn, Aaron"]
[Result "0-1"]
[WhiteElo "1490"]
[BlackElo "1858"]
[PlyCount "29"]
[EventDate "2002.10.19"]

1. c4 Nf6 2. Nc3 c5 3. Nf3 e6 4. g3 Nc6 5. e3 d5 6. cxd5 exd5 7. d4 Bg4 8. Bg2
cxd4 9. exd4 Be7 10. O-O O-O 11. Re1 h6 12. a3 Re8 13. Qd3 Bd6 14. b4 Rc8 15.
Bf4 {Remainder illegible, 33?} 0-1

[Event "Michigan Amateur"]
[Site "Kalamazoo, MI"]
[Date "2002.10.19"]
[Round "1.24"]
[White "Hershberger, Kent"]
[Black "Carter, Michael"]
[Result "1-0"]
[WhiteElo "1508"]
[BlackElo "627"]
[PlyCount "57"]
[EventDate "2002.10.19"]

1. e4 c6 2. d4 d5 3. e5 f6 4. Bd3 fxe5 5. Qh5+ g6 6. Bxg6+ Kd7 7. Qxe5 Nf6 8.
Bf7 Qc7 9. Nf3 Qxe5+ 10. Nxe5+ Kd8 11. Bg5 Bd7 12. Nc3 h6 13. Bh4 Ne4 14. Nxe4
dxe4 15. Bg6 Be8 16. Bxe4 Bg7 17. Ng6 Bxg6 18. Bxg6 Nd7 19. O-O-O Bf6 20. Bxf6
exf6 21. d5 cxd5 22. Rxd5 Rg8 23. Bf5 Rxg2 24. Rxd7+ Ke8 25. Re1+ Kf8 26. Ree7
Re8 27. Rh7 Rg1+ 28. Kd2 Rf1 29. Rh8# 1-0

[Event "Michigan Amateur"]
[Site "Kalamazoo, MI"]
[Date "2002.10.19"]
[Round "2.10"]
[White "Gattinger, John"]
[Black "Skidmore, Jennifer"]
[Result "0-1"]
[WhiteElo "1452"]
[BlackElo "1845"]
[PlyCount "74"]
[EventDate "2002.10.19"]

1. e4 e5 2. Nc3 d6 3. g3 Be7 4. d3 c6 5. Bg2 f5 6. Nge2 Nf6 7. O-O O-O 8. f4
fxe4 9. Nxe4 Ng4 10. fxe5 Nxe5 11. Bf4 Ng6 12. Qd2 Bg4 13. Be3 d5 14. Rxf8+
Nxf8 15. Nf2 Bh5 16. Nf4 Bf7 17. d4 Nbd7 18. N2d3 Nb6 19. b3 Nfd7 20. Rf1 a5
21. a4 Bf6 22. Nh3 h6 23. Re1 Nc8 24. Nhf2 Nd6 25. g4 Qb6 26. Nc5 Qd8 27. Bf4
Nxc5 28. dxc5 Ne8 29. Nd3 Nc7 30. Be5 Bg5 31. Qc3 Ne6 32. Bd6 d4 33. Qb2 Be3+
34. Kh1 Qh4 35. Rf1 Rd8 36. Ne5 Bf4 37. Nxf7 Qxh2# 0-1

[Event "Michigan Amateur"]
[Site "Kalamazoo, MI"]
[Date "2002.10.19"]
[Round "2.14"]
[White "Franklin, Stan"]
[Black "Talreja, Milan"]
[Result "0-1"]
[WhiteElo "1663"]
[BlackElo "1574"]
[PlyCount "118"]
[EventDate "2002.10.19"]

1. e4 d6 2. d4 g6 3. Bg5 Bg7 4. Nf3 Bg4 5. Be2 Nc6 6. c3 h6 7. Bh4 g5 8. Bg3 e5
9. d5 Nce7 10. h4 Bxf3 11. Bxf3 Ng6 12. hxg5 hxg5 13. Rxh8 Bxh8 14. Bg4 a6 15.
Qa4+ b5 16. Qb4 Nf6 17. Bf5 Ne7 18. c4 Nxf5 19. exf5 Qd7 20. cxb5 Nxd5 21. Qe4
Nb6 22. bxa6 d5 23. Qg4 Bf6 24. Nc3 e4 25. Rc1 c6 26. a7 Rxa7 27. Qh3 Nc4 28.
Rc2 Nxb2 29. Qh7 Nd3+ 30. Kd2 Qe7 31. Qg8+ Kd7 32. Qb8 Bxc3+ 33. Rxc3 Rxa2+ 34.
Ke3 d4+ 35. Kxd4 Qf6+ 36. Kc4 Ra4+ 37. Kb3 Rb4+ 38. Qxb4 Nxb4 39. Kxb4 Qxf5 40.
Rc5 Qg6 41. Ra5 f5 42. Ra7+ Kc8 43. Be5 Qe6 44. Bd4 Qd5 45. Kc3 c5 46. Bf6 Qd3+
47. Kb2 c4 48. Ra3 Qd2+ 49. Kb1 Qe1+ 50. Kb2 Qxf2+ 51. Kc3 e3 52. Bd4 Qd2+ 53.
Kxc4 e2 54. Bc3 Qxc3+ 55. Rxc3 e1=Q 56. Kd4+ Kd7 57. Re3 Qf2 58. Kd3 Qxg2 59.
Re2 Qxe2+ 0-1

[Event "Michigan Amateur"]
[Site "Kalamazoo, MI"]
[Date "2002.10.19"]
[Round "1.4"]
[White "Evans Sr., Thomas"]
[Black "Vinton, Troy"]
[Result "1-0"]
[WhiteElo "1924"]
[BlackElo "1103"]
[PlyCount "113"]
[EventDate "2002.10.19"]

1. e4 c6 2. d4 d5 3. e5 Bf5 4. Nf3 e6 5. Bd3 Bxd3 6. Qxd3 Ne7 7. Nc3 Nf5 8. Bd2
a6 9. Ne2 Qb6 10. O-O c5 11. c4 Qc6 12. dxc5 dxc4 13. Qxc4 Qxc5 14. Qxc5 Bxc5
15. Rac1 Nd7 16. b4 Ba7 17. Rc7 Rb8 18. Rfc1 Nb6 19. g4 Ne7 20. Be3 Ned5 21.
Bxb6 Nxb6 22. Nf4 O-O 23. Ng5 h6 24. Ne4 Nd5 25. Nxd5 exd5 26. Nd6 Bd4 27. Rd1
Bxe5 28. Rxd5 Bxd6 29. Rxd6 Rfe8 30. Rdd7 Re4 31. h3 Rxb4 32. Rxf7 g5 33. Rg7+
Kf8 34. Rh7 Kg8 35. Rxh6 Rf8 36. Rg6+ Kh8 37. Rxg5 Rb2 38. Rh5+ Kg8 39. Rg5+
Kh8 40. Rf5 Rxf5 41. gxf5 Rb6 42. Kg2 Rf6 43. Rxb7 Rxf5 44. Kg3 Ra5 45. Rb2 Kg7
46. f4 Kg6 47. Kg4 Rd5 48. Rb6+ Kf7 49. Rxa6 Rd2 50. a4 Ra2 51. Kf5 Ra3 52.
Ra7+ Ke8 53. h4 Kd8 54. h5 Kc8 55. h6 Kb8 56. Rg7 Rh3 57. h7 1-0